Statistiken für Das ultimative PDC Darts Spitznamen Quiz 2024

Klicken Sie hier um das Quiz zu spielen!

Allgemein

  • Dieses Quiz wurde 70 mal gespielt
  • Das Durchschnittsergebnis liegt bei 32 aus 63

Antwortstatistiken

NameSpitznameNationalität% Korrekt
Peter WrightSnakebiteSchottland
92%
Gerwyn PriceThe IcemanWales
92%
Michael SmithBully BoyEngland
90%
Luke HumphriesCool Hand LukeEngland
87%
Gabriel ClemensThe German GiantDeutschland
84%
Luke LittlerThe NukeEngland
81%
Rob CrossVoltageEngland
81%
Nathan AspinallThe AspEngland
79%
Martin SchindlerThe WallDeutschland
79%
Ricardo PietreczkoPikachuDeutschland
76%
Dave ChisnallChizzyEngland
75%
Michael van GerwenMighty MikeNiederlande
75%
Gary AndersonThe Flying ScotsmanSchottland
71%
Damon HetaThe HeatAustralien
71%
Stephen BuntingThe BulletEngland
70%
Joe CullenThe RockstarEngland
70%
Krzysztof RatajskiThe Polish EaglePolen
68%
Ryan SearleHeavy MetalEngland
67%
Mervyn KingThe KingEngland
67%
James WadeThe MachineEngland
67%
Raymond van BarneveldBarneyNiederlande
65%
Andrew GildingGoldfingerEngland
65%
Chris DobeyHollywoodEngland
65%
Jose de SousaThe Special OnePortugal
65%
Jonny ClaytonThe FerretWales
63%
Adrian LewisJackpotEngland
62%
Brendan DolanThe History MakerNordirland
62%
Dimitri Van den BerghThe DreammakerBelgien
60%
Ricky EvansRapidEngland
57%
Josh RockRockyNordirland
56%
Simon WhitlockThe WizardAustralien
56%
Steve BeatonThe Bronzed AdonisEngland
54%
Daryl GurneySuperchinNordirland
52%
Mensur SuljovicThe GentleÖsterreich
52%
Danny NoppertThe FreezeNiederlande
51%
Ian WhiteDiamondEngland
49%
Dirk van DuijvenbodeThe TitanNiederlande
49%
Kim HuybrechtsThe HurricaneBelgien
46%
Luke WoodhouseWoodyEngland
44%
Ross SmithSmudgerEngland
41%
Callan RydzThe RiotEngland
41%
Jermaine WattimenaThe Machine GunNiederlande
38%
William O'ConnorThe MagpieIrland
38%
Ryan JoyceRelentlessEngland
35%
Scott WilliamsShaggyEngland
35%
Rowby-John RodriguezLittle JohnÖsterreich
33%
Vincent van der VoortThe Dutch DestroyerNiederlande
33%
Madars RazmaRazmatazzLettland
29%
Keane BarryDynamiteIrland
27%
Mike De DeckerThe Real DealBelgien
27%
Richie EdhouseMadhouseEngland
25%
Martin LukemanSmashEngland
24%
Alan SoutarSootsSchottland
22%
Matt CampbellGinja NinjaKanada
21%
Gian van VeenGVVNiederlande
21%
Ryan MeikleThe BarberEngland
21%
Jamie HughesYozzaEngland
17%
Jim WilliamsThe QuiffWales
14%
Kevin DoetsHawk EyeNiederlande
13%
Mickey MansellClonoe CycloneNordirland
11%
Cameron MenziesCammySchottland
10%
Adam GawlasFlawlasTschechien
8%
Boris KrcmarThe BiggestKroatien
8%

Verteilung der Resultate

Perzentil nach korrekt beantworteten Fragen

Anzahl Personen mit jedem Resultat

Ihre Resultats-Entwicklung

Sie haben dieses Quiz noch nicht gespielt